Saltar : Una revolución en las estrategias creativas de negocio
| Main Author: | |
|---|---|
| Format: | Section = Libro |
| Language: | Undetermined Spanish |
| Published: |
México
McGraw-Hill
2004
|
| Subjects: |
| LEADER | 00635nam a2200217Ia 4500 | ||
|---|---|---|---|
| 008 | 240830s9999 xx 000 0 und d | ||
| 020 | |a 970-10-4483-5 | ||
| 040 | |a B-ESTELÍ- RUACS / 658.812 S347 | ||
| 041 | |a spa | ||
| 082 | |a 658.812 S347 | ||
| 100 | 1 | |a Schmetterer, Bob | |
| 245 | 1 | 0 | |a Saltar : Una revolución en las estrategias creativas de negocio |
| 260 | |a México |b McGraw-Hill |c 2004 | ||
| 300 | |a 248 p:il | ||
| 650 | 7 | |a ESTRATEGIAS DE NEGOCIO | |
| 650 | 7 | |b IDEAS CREATIVAS DE NEGOCIO | |
| 650 | 7 | |c CREATIVIDAD DESDE LA CUPULA | |
| 650 | 7 | |d EL FACTOR DEL ENTRETENIMIENTO. | |
| 942 | |c BK |2 ddc | ||
| 991 | |a TEXTO | ||
| 999 | |c 11507 | ||